00000000nam 2200000zi 4500
0019.949696
003CaOODSP
00520250819165817
006m     o  d f      
007cr mn|||||||||
008250401t20252025onca    ob   f000 0 eng d
020 |a9780660767581
040 |aCaOODSP|beng|erda|cCaOODSP
043 |an-cn---
0861 |aHP35-104/2025E-PDF
24500|aParkinsonism in Canada, including Parkinson Disease.
264 1|a[Ottawa] : |bPublic Health Agency of Canada = Agence de la santé publique du Canada, |c[2025]
264 4|c©2025
300 |a1 online resource (1 unnumbered page) : |billustrations
336 |atext|btxt|2rdacontent
337 |acomputer|bc|2rdamedia
338 |aonline resource|bcr|2rdacarrier
500 |aCaption title.
500 |aIssued also in French under title: Le parkinsonisme au Canada, y compris la maladie de Parkinson.
504 |aIncludes bibliographical references.
520 |a"Parkinsonism refers to a group of conditions, including Parkinson disease, with movement-related symptoms. Of these, Parkinson disease makes up the majority of cases. Current scientific research shows that Parkinson disease results from a unique combination of genetic, environmental, lifestyle, and other factors"--Page [1].
650 0|aParkinson's disease|zCanada|vStatistics.
650 0|aChronic diseases|zCanada|vStatistics.
7102 |aPublic Health Agency of Canada, |eissuing body.
77508|tLe parkinsonisme au Canada, y compris la maladie de Parkinson.|w(CaOODSP)9.949697
795 |tParkinsonism in Canada, including Parkinson's disease |b2018|w(CaOODSP)9.854398
85640|qPDF|s422 KB|uhttps://publications.gc.ca/collections/collection_2025/aspc-phac/HP35-104-2025-eng.pdf
8564 |qHTML|sN/A|uhttps://health-infobase.canada.ca/datalab/parkinson-blog.html
986 |a240985